000 00765cam0a220024100 4500
001 qce01004648
005 20190826203107.0
008 750623s1932 nyu 000 0 eng
010 _a 32026566
035 _a(Sirsi) r107370
035 _a(QCAT)lss00873142
035 _a(UPRA)qce01004648
040 _dUPRA
050 0 _aHQ796
_b.T5
082 _a136.7
100 1 _aThom, Douglas Armour, 1887-
_dThom, Douglas Armour, 1887-
_6A65213.1
245 1 0 _aNormal youth and its everyday problems /
_cby Douglas A. Thom ... with an introduction by William A. Neilson.
260 _aNew York :
_bD. Appleton,
_c1932.
650 0 _aAdolescence.
_6S2840.1
650 0 _aYouth.
_6S26013.1
949 _aHQ796
_wlcc
_i-152972
_mMAIN
_tBOOK
_lON-SHELF
004 107370
999 _c172219
_d172219